| 000 | 01173nam a22002057a 4500 | ||
|---|---|---|---|
| 999 |
_c63380 _d63380 |
||
| 003 | Ge_BSU | ||
| 005 | 20250926183007.0 | ||
| 008 | 250926s1969 ge ||||| |||| 00| 0 geo d | ||
| 041 | _ageo | ||
| 080 | _a330.564.2 : 339.14 გ-69 | ||
| 100 |
_aგორგილაძე, ვალერიან _925890 |
||
| 245 |
_aმოსახლეობის ფულადი შემოსავალი, სყიდვითი ფონდი, საცალო საქონელბრუნვა და მათი ტერიტორიული გადაადგილება საქართველოში / _c ვალერიან გორგილაძე. |
||
| 264 |
_aთბილისი : _bთბილ. უნ-ტის გამ-ბა, _c1969. |
||
| 300 |
_a234 გვ. : _bცხრილ. ; _c 21 სმ. |
||
| 504 | _aბიბლიოგრაფია: გვ. 224-233. | ||
| 653 | _aმოსახლეობის ფულადი შემოსავალი | ||
| 653 | _aსყიდვითი ფონდი | ||
| 653 | _aსაცალო საქონელბრუნვა | ||
| 942 |
_2udc _cBK |
||